000 01432nam a22003017a 4500
001 5899
003 FISKH
005 20250131103833.0
008 250131b cb ||||| |||| 00| 0 eng d
020 _a9781840896589
040 _aFISKH
_beng
_cFISKH
_dFISKH
050 _aPZ7.
082 _a 823.92
100 _aTurpin, Nick
_d(1969-)
245 _aMolly is new /
_cby Bick Turpin ; illustrated by Silvia Raga
250 _aThis edition published in 2010
260 _aLondon :
_bZero to Ten,
_c2005.
300 _a28 unnumbered pages :
_bcolor illustrations ;
_c27 cm
505 _aG
520 _aTwisters is a great new series of first reading books made up of real stories with a beginning, a middle and an end, and turn-the-page appeal. The stories don't exceed 50 words, and are ideal for first readers, covering a range of genres to support literacy requirements at foundation stage. These include humorous stories, fantasy stories, rhyming stories and stories from a range of cultures. They are accompanied by bright, colour pictures, which will reassure the most reluctant of readers and help develop visual literacy skills. Bright and fun to read, this series will be loved by all children
521 8 _a380
_bLexile estimate
521 8 _aG
_bRaz-Plus
650 _2Anxious
_aNew student
650 _2School
_aDrawing
700 _aRaga, Silvia
_dillustrator
942 _2ddc
_cBK
_n0
999 _c5899
_d5899